000 00230nam a2200097Ia 4500
008 220204s9999 xx 000 0 und d
082 _a82-3
_bMAT
100 _aMatthews, Leonard
245 0 _aSuper story book for girls
942 _cBK
999 _c32205
_d32205